[Event "2023 Welsh Open"]
[Site "Cardiff"]
[Date "2023.04.08"]
[Round "4.5"]
[White "Macdonald, Duncan"]
[Black "Harris, Calum"]
[Result "1-0"]
[WhiteElo "1566"]
[BlackElo "1828"]
[Annotator "Paul,Hatchett"]
[PlyCount "127"]
[EventDate "2023.04.07"]
[EventRounds "7"]
[EventCountry "WLS"]

1. c4 {[%emt 0:00:13]} b6 {[%emt 0:01:53]} 2. Nf3 {[%emt 0:00:54]} Nf6 {[%emt 0:00:43]} 3. Nc3 {[%emt 0:00:25]} Bb7 {[%emt 0:00:11]} 4. g3 {[%emt 0:00:45]} e6 {[%emt 0:00:21]} 5. Bg2 {[%emt 0:00:10]} d5 {[%emt 0:00:41]} 6. cxd5 {[%emt 0:00:08]} exd5 {[%emt 0:00:09]} 7. d4 {[%emt 0:00:10]} Bd6 {[%emt 0:02:25]} 8. O-O {[%emt 0:00:58]} Nbd7 {[%emt 0:00:28]} 9. Nb5 {[%emt 0:00:55]} Ne4 {[%emt 0:02:16]} 10. Nxd6+ {[%emt 0:01:07]} Nxd6 {[%emt 0:00:17]} 11. Bf4 {[%emt 0:00:07]} Ne4 {[%emt 0:02:49]} 12. Rc1 {[%emt 0:00:41]} Rc8 {[%emt 0:01:07]} 13. Qa4 {[%emt 0:00:16]} a6 {[%emt 0:01:30]} 14. Ne5 {[%emt 0:00:15]} b5 {[%emt 0:02:26]} 15. Qa5 {[%emt 0:00:20]} Nxe5 {[%emt 0:05:53]} 16. Bxe5 {[%emt 0:00:30]} Nd6 {[%emt 0:06:51]} 17. Bxd6 {[%emt 0:00:22]} Qxd6 {[%emt 0:02:25]} 18. Bh3 {[%emt 0:00:08]} Rb8 {[%emt 0:05:42]} 19. Qxc7 {[%emt 0:00:21]} Qxc7 {[%emt 0:00:09]} 20. Rxc7 {[%emt 0:00:05]} O-O {[%emt 0:00:07]} 21. Rfc1 {[%emt 0:00:06]} Rfe8 {[%emt 0:00:20]} 22. e3 {[%emt 0:00:08]} g6 {[%emt 0:00:11]} 23. Bg2 {[%emt 0:00:24]} Kf8 {[%emt 0:00:29]} 24. R1c5 {[%emt 0:00:22]} Red8 {[%emt 0:00:12]} 25. b3 {[%emt 0:00:25]} h5 {[%emt 0:00:58]} 26. f4 {[%emt 0:00:50]} Ba8 {[%emt 0:00:43]} 27. Ra7 {[%emt 0:00:27]} Rb6 {[%emt 0:05:55]} 28. Rcc7 {[%emt 0:01:17]} Rf6 {[%emt 0:03:56]} 29. Rd7 {[%emt 0:00:08]} Rc8 {[%emt 0:00:32]} 30. Bxd5 {[%emt 0:00:57]} Bxd5 {[%emt 0:00:12]} 31. Rxd5 {[%emt 0:00:07]} Rc2 {[%emt 0:00:49]} 32. Rd8+ {[%emt 0:10:25]} Kg7 {[%emt 0:00:11]} 33. d5 {[%emt 0:00:28]} Rxa2 {[%emt 0:00:46]} 34. e4 {[%emt 0:01:18]} g5 35. Raa8 {[%emt 0:00:33]} gxf4 {[%emt 0:02:15]} 36. Rg8+ {[%emt 0:00:18]} Kh6 {[%emt 0:00:15]} 37. h4 {[%emt 0:00:11]} Rg6 {[%emt 0:02:32]} 38. Rxg6+ {[%emt 0:01:02]} Kxg6 {[%emt 0:00:15]} 39. gxf4 {[%emt 0:00:15]} a5 {[%emt 0:00:58]} 40. d6 {[%emt 0:00:23]} Rd2 {[%emt 0:00:55]} 41. Rxa5 {[%emt 0:16:00]} Rxd6 {[%emt 0:00:56]} 42. Kf2 {[%emt 0:02:04]} Rd3 {[%emt 0:00:39]} 43. Rxb5 {[%emt 0:00:26]} Rh3 {[%emt 0:00:16]} 44. b4 {[%emt 0:00:59]} Rxh4 {[%emt 0:00:05]} 45. Kg3 {[%emt 0:00:02]} Rh1 {[%emt 0:01:05]} 46. Rb6+ {[%emt 0:00:25]} Kg7 {[%emt 0:01:35]} 47. f5 {[%emt 0:01:51]} h4+ {[%emt 0:01:31]} 48. Kg4 h3 {[%emt 0:00:44]} 49. Kg3 h2 {[%emt 0:00:49]} 50. Kg2 Re1 {[%emt 0:00:09]} 51. Kxh2 Rxe4 52. Kg3 {[%emt 0:00:03]} Rc4 {[%emt 0:00:40]} 53. b5 {[%emt 0:00:22]} Rb4 {[%emt 0:00:53]} 54. Kf3 {[%emt 0:00:19]} Kf8 {[%emt 0:05:36]} 55. f6 {[%emt 0:01:37]} Ke8 {[%emt 0:03:03]} 56. Rb7 {[%emt 0:00:13]} Kd8 {[%emt 0:00:08]} 57. Ke3 {[%emt 0:03:02]} Kc8 {[%emt 0:00:16]} 58. Rxf7 {[%emt 0:00:05]} Rxb5 {[%emt 0:00:05]} 59. Kf4 {[%emt 0:00:13]} Kd8 {[%emt 0:00:09]} 60. Re7 {[%emt 0:00:04]} Ra5 {[%emt 0:01:33]} 61. Re5 {[%emt 0:00:47]} Rxe5 {[%emt 0:00:30]} 62. Kxe5 {[%emt 0:00:08]} Ke8 {[%emt 0:00:05]} 63. Ke6 {[%emt 0:00:02]} Kf8 {[%emt 0:00:51]} 64. f7 1-0

[Event "2023 Welsh Open"]
[Site "Cardiff"]
[Date "2023.04.08"]
[Round "4.6"]
[White "Sadiq, Ayodele"]
[Black "Chong, Kimberly"]
[Result "1-0"]
[WhiteElo "1903"]
[BlackElo "1682"]
[Annotator "Paul,Hatchett"]
[PlyCount "125"]
[EventDate "2023.04.07"]
[EventRounds "7"]
[EventCountry "WLS"]

1. d4 {[%emt 0:00:01]} d5 {[%emt 0:00:10]} 2. Bf4 {[%emt 0:00:06]} Nf6 {[%emt 0:00:59]} 3. e3 {[%emt 0:00:05]} Bf5 {[%emt 0:02:57]} 4. c4 {[%emt 0:00:15]} e6 {[%emt 0:00:44]} 5. Qb3 {[%emt 0:00:16]} b6 {[%emt 0:01:49]} 6. Nc3 {[%emt 0:01:03]} Bd6 {[%emt 0:02:33]} 7. Bg5 {[%emt 0:01:11]} c6 {[%emt 0:07:24]} 8. cxd5 {[%emt 0:01:28]} exd5 {[%emt 0:00:29]} 9. Nf3 {[%emt 0:03:23]} Nbd7 {[%emt 0:03:13]} 10. Be2 {[%emt 0:00:20]} O-O {[%emt 0:00:35]} 11. Rc1 {[%emt 0:00:07]} Be7 {[%emt 0:03:15]} 12. O-O {[%emt 0:02:31]} h6 {[%emt 0:04:59]} 13. Bh4 {[%emt 0:00:20]} Ne4 {[%emt 0:01:25]} 14. Bxe7 {[%emt 0:00:34]} Qxe7 {[%emt 0:00:17]} 15. Nxe4 {[%emt 0:00:48]} dxe4 {[%emt 0:00:21]} 16. Nd2 {[%emt 0:02:11]} Be6 {[%emt 0:11:32]} 17. Bc4 {[%emt 0:00:42]} Bf5 {[%emt 0:02:09]} 18. Qc2 {[%emt 0:02:12]} Rac8 {[%emt 0:03:45]} 19. Ba6 {[%emt 0:00:36]} Rc7 {[%emt 0:00:49]} 20. Qa4 {[%emt 0:02:14]} Qg5 {[%emt 0:04:56]} 21. Rfe1 {[%emt 0:02:37]} Bh3 {[%emt 0:11:27]} 22. Bf1 {[%emt 0:00:21]} b5 {[%emt 0:01:29]} 23. Qc2 {[%emt 0:00:44]} f5 {[%emt 0:02:15]} 24. Kh1 {[%emt 0:00:30]} Rf6 {[%emt 0:01:35]} 25. f4 {[%emt 0:02:06]} exf3 {[%emt 0:02:06]} 26. gxh3 {[%emt 0:03:35]} f2 {[%emt 0:00:56]} 27. Nf3 {[%emt 0:00:23]} fxe1=Q {[%emt 0:02:03]} 28. Rxe1 {[%emt 0:01:07]} Qh5 {[%emt 0:02:27]} 29. Qf2 {[%emt 0:00:21]} g5 {[%emt 0:03:52]} 30. b4 {[%emt 0:02:39]} g4 {[%emt 0:00:47]} 31. Nh4 {[%emt 0:00:27]} Qg5 {[%emt 0:02:43]} 32. Bd3 {[%emt 0:00:47]} Nb6 {[%emt 0:03:18]} 33. Nxf5 {[%emt 0:00:53]} Rcf7 {[%emt 0:03:36]} 34. hxg4 {[%emt 0:00:28]} Kf8 {[%emt 0:02:19]} 35. Qg3 {[%emt 0:01:23]} Rb7 {[%emt 0:08:01]} 36. h4 {[%emt 0:00:45]} Qg8 {[%emt 0:00:09]} 37. Qe5 {[%emt 0:01:24]} Qd5+ {[%emt 0:00:38]} 38. Qxd5 {[%emt 0:01:24]} Nxd5 {[%emt 0:00:07]} 39. a3 {[%emt 0:00:29]} Ne7 {[%emt 0:02:02]} 40. Kg2 {[%emt 0:01:51]} Nxf5 {[%emt 0:00:15]} 41. gxf5 {[%emt 0:00:02]} Rd7 {[%emt 0:02:52]} 42. Kf3 {[%emt 0:00:13]} Ke7 {[%emt 0:06:30]} 43. Kf4 {[%emt 0:00:06]} Rf8 {[%emt 0:01:19]} 44. Be4 {[%emt 0:00:36]} Rd6 {[%emt 0:01:49]} 45. Rc1 {[%emt 0:00:55]} Kd7 {[%emt 0:00:35]} 46. Rg1 {[%emt 0:00:20]} Rf7 {[%emt 0:00:51]} 47. Bf3 {[%emt 0:00:52]} Kc7 {[%emt 0:01:11]} 48. Rc1 {[%emt 0:01:01]} Kb6 {[%emt 0:00:26]} 49. Rc5 {[%emt 0:00:47]} Rff6 {[%emt 0:01:32]} 50. Ke5 {[%emt 0:01:13]} a6 {[%emt 0:03:29]} 51. d5 {[%emt 0:02:06]} cxd5 {[%emt 0:00:20]} 52. Bxd5 {[%emt 0:00:04]} a5 {[%emt 0:04:37]} 53. Be6 {[%emt 0:00:24]} axb4 {[%emt 0:00:18]} 54. axb4 {[%emt 0:00:13]} Rfxe6+ {[%emt 0:03:11]} 55. fxe6 {[%emt 0:00:28]} Rd3 {[%emt 0:00:21]} 56. e4 {[%emt 0:00:27]} Rd8 {[%emt 0:00:28]} 57. e7 {[%emt 0:00:14]} Rh8 {[%emt 0:01:05]} 58. Rd5 {[%emt 0:00:32]} Kc7 {[%emt 0:00:45]} 59. Ke6 {[%emt 0:00:40]} h5 {[%emt 0:00:33]} 60. Rf5 {[%emt 0:00:36]} Rh6+ {[%emt 0:00:58]} 61. Rf6 {[%emt 0:00:16]} Rh8 {[%emt 0:00:15]} 62. Rf8 {[%emt 0:00:17]} Rh6+ {[%emt 0:00:21]} 63. Kf5 {[%emt 0:00:03]} 1-0

[Event "2023 Welsh Open"]
[Site "Cardiff"]
[Date "2023.04.08"]
[Round "4.7"]
[White "Vlkova, Anezka"]
[Black "Larg, Richard"]
[Result "1-0"]
[WhiteElo "1956"]
[BlackElo "1590"]
[Annotator "Paul,Hatchett"]
[PlyCount "113"]
[EventDate "2023.04.07"]
[EventRounds "7"]
[EventCountry "WLS"]

1. e4 {[%emt 0:00:02]} e5 {[%emt 0:00:28]} 2. Nf3 {[%emt 0:00:04]} d6 {[%emt 0:00:29]} 3. Bc4 {[%emt 0:00:07]} Nc6 {[%emt 0:01:32]} 4. d3 {[%emt 0:00:35]} Nf6 {[%emt 0:01:28]} 5. a4 {[%emt 0:00:12]} h6 {[%emt 0:01:30]} 6. Nbd2 {[%emt 0:02:18]} Be7 {[%emt 0:01:27]} 7. a5 {[%emt 0:00:16]} Nd4 {[%emt 0:04:04]} 8. c3 {[%emt 0:02:33]} Nxf3+ {[%emt 0:00:47]} 9. Qxf3 {[%emt 0:00:22]} c5 {[%emt 0:04:25]} 10. Nf1 {[%emt 0:05:29]} O-O {[%emt 0:02:37]} 11. h3 {[%emt 0:01:37]} Be6 {[%emt 0:02:35]} 12. Ne3 {[%emt 0:03:25]} Rb8 {[%emt 0:02:44]} 13. g4 {[%emt 0:01:53]} Bxc4 {[%emt 0:08:07]} 14. dxc4 {[%emt 0:02:40]} Nh7 {[%emt 0:03:45]} 15. Nf5 {[%emt 0:03:57]} Bg5 {[%emt 0:03:32]} 16. h4 {[%emt 0:05:55]} Bxc1 {[%emt 0:01:49]} 17. Rxc1 {[%emt 0:00:05]} Qxa5 {[%emt 0:11:23]} 18. g5 {[%emt 0:01:00]} Qa2 {[%emt 0:01:50]} 19. gxh6 {[%emt 0:06:20]} Qxb2 {[%emt 0:05:23]} 20. Qe3 {[%emt 0:20:08]} g6 {[%emt 0:04:05]} 21. h5 {[%emt 0:06:07]} g5 {[%emt 0:05:20]} 22. O-O {[%emt 0:08:42]} Qb6 {[%emt 0:00:51]} 23. Kh2 {[%emt 0:06:14]} Qc7 {[%emt 0:07:51]} 24. Rcd1 {[%emt 0:02:37]} Rbd8 {[%emt 0:03:46]} 25. Rg1 {[%emt 0:02:31]} f6 {[%emt 0:02:10]} 26. Rd3 {[%emt 0:01:09]} Rf7 {[%emt 0:04:52]} 27. Ng7 {[%emt 0:01:23]} Nf8 {[%emt 0:00:22]} 28. Rgd1 {[%emt 0:04:07]} Rfd7 {[%emt 0:01:37]} 29. Qh3 {[%emt 0:00:31]} Rxg7 {[%emt 0:10:06]} 30. hxg7 {[%emt 0:00:19]} Kxg7 {[%emt 0:00:11]} 31. Rd5 {[%emt 0:05:09]} b6 {[%emt 0:02:04]} 32. h6+ {[%emt 0:04:22]} Kh7 {[%emt 0:01:43]} 33. Qf5+ {[%emt 0:00:28]} Ng6 {[%emt 0:00:52]} 34. Qxf6 {[%emt 0:00:28]} Kxh6 {[%emt 0:00:17]} 35. Rxd6 {[%emt 0:00:14]} Rxd6 {[%emt 0:00:41]} 36. Rxd6 {[%emt 0:00:10]} Qg7 {[%emt 0:00:22]} 37. Qxg7+ {[%emt 0:00:24]} Kxg7 38. Rd7+ {[%emt 0:00:08]} Kh6 {[%emt 0:00:18]} 39. Rxa7 {[%emt 0:00:04]} Nf4 {[%emt 0:00:32]} 40. Ra6 {[%emt 0:00:21]} Ne2 {[%emt 0:00:30]} 41. Rxb6+ {[%emt 0:00:06]} Kh5 {[%emt 0:00:29]} 42. Re6 {[%emt 0:00:27]} Kg4 {[%emt 0:05:37]} 43. Rxe5 {[%emt 0:01:03]} Nxc3 {[%emt 0:00:30]} 44. Kg2 {[%emt 0:01:30]} Kf4 {[%emt 0:04:17]} 45. Rf5+ {[%emt 0:00:25]} Kxe4 {[%emt 0:01:49]} 46. Rxc5 {[%emt 0:00:21]} Kd4 {[%emt 0:02:35]} 47. Rxg5 {[%emt 0:00:06]} Kxc4 {[%emt 0:00:10]} 48. Kf3 {[%emt 0:00:34]} Nd5 {[%emt 0:00:45]} 49. Rxd5 {[%emt 0:00:32]} Kxd5 {[%emt 0:00:18]} 50. Kf4 {[%emt 0:00:06]} Ke6 {[%emt 0:00:49]} 51. Kg5 {[%emt 0:00:06]} Kf7 {[%emt 0:01:35]} 52. Kf5 {[%emt 0:00:08]} Ke7 {[%emt 0:01:44]} 53. Kg6 {[%emt 0:00:06]} Kd6 {[%emt 0:00:29]} 54. f4 {[%emt 0:00:06]} Ke7 {[%emt 0:00:02]} 55. f5 {[%emt 0:00:08]} Kd7 {[%emt 0:00:36]} 56. f6 {[%emt 0:00:10]} Ke8 {[%emt 0:00:18]} 57. Kg7 {[%emt 0:00:05]} 1-0

[Event "2023 Welsh Open"]
[Site "Cardiff"]
[Date "2023.04.08"]
[Round "4.8"]
[White "Guy, David"]
[Black "Szakmany, Bence"]
[Result "0-1"]
[WhiteElo "1827"]
[BlackElo "1561"]
[Annotator "Paul,Hatchett"]
[PlyCount "80"]
[EventDate "2023.04.07"]
[EventRounds "7"]
[EventCountry "WLS"]

1. d4 {[%emt 0:00:02]} d5 {[%emt 0:00:06]} 2. c4 {[%emt 0:00:09]} e6 {[%emt 0:00:05]} 3. Nf3 {[%emt 0:00:09]} Nf6 {[%emt 0:00:23]} 4. Nc3 {[%emt 0:00:15]} Nbd7 {[%emt 0:00:13]} 5. cxd5 {[%emt 0:01:05]} exd5 {[%emt 0:00:30]} 6. Bg5 {[%emt 0:00:35]} Be7 {[%emt 0:00:09]} 7. e3 {[%emt 0:00:13]} h6 {[%emt 0:00:07]} 8. Bh4 {[%emt 0:00:44]} O-O {[%emt 0:00:08]} 9. Bd3 {[%emt 0:00:21]} c5 {[%emt 0:00:57]} 10. O-O {[%emt 0:01:42]} b6 {[%emt 0:00:08]} 11. Ne5 {[%emt 0:01:38]} Bb7 {[%emt 0:01:45]} 12. f4 {[%emt 0:02:02]} Rc8 {[%emt 0:11:33]} 13. Rc1 {[%emt 0:00:46]} cxd4 {[%emt 0:03:13]} 14. exd4 {[%emt 0:00:18]} Ne4 {[%emt 0:00:30]} 15. Be1 {[%emt 0:08:48]} Nxe5 {[%emt 0:09:05]} 16. dxe5 {[%emt 0:05:48]} b5 {[%emt 0:22:48]} 17. a3 {[%emt 0:07:47]} Bc5+ {[%emt 0:09:15]} 18. Kh1 {[%emt 0:00:43]} Nxc3 {[%emt 0:00:52]} 19. Bxc3 {[%emt 0:02:48]} d4 {[%emt 0:02:09]} 20. Bd2 {[%emt 0:01:00]} Qd5 {[%emt 0:02:55]} 21. Rf3 {[%emt 0:03:38]} f6 {[%emt 0:08:00]} 22. b4 {[%emt 0:06:28]} Be7 {[%emt 0:00:52]} 23. exf6 {[%emt 0:02:36]} Rxf6 {[%emt 0:03:48]} 24. Rg3 {[%emt 0:07:52]} Rxc1 {[%emt 0:02:04]} 25. Bxc1 {[%emt 0:02:14]} Re6 {[%emt 0:13:02]} 26. Bd2 {[%emt 0:00:52]} Bh4 {[%emt 0:06:11]} 27. Rf3 {[%emt 0:03:22]} Qa2 {[%emt 0:01:03]} 28. Rf1 {[%emt 0:00:50]} Qxa3 {[%emt 0:01:18]} 29. Qg4 {[%emt 0:01:56]} Qxd3 {[%emt 0:00:47]} 30. Qxe6+ {[%emt 0:01:18]} Kh7 {[%emt 0:01:03]} 31. Kg1 {[%emt 0:00:31]} Qxd2 {[%emt 0:00:29]} 32. Qf5+ {[%emt 0:01:04]} Kg8 {[%emt 0:00:14]} 33. Qe6+ {[%emt 0:00:32]} Kh8 {[%emt 0:00:13]} 34. Qg4 {[%emt 0:01:19]} Qe3+ {[%emt 0:00:36]} 35. Kh1 {[%emt 0:00:43]} Bf6 {[%emt 0:01:03]} 36. Qd1 {[%emt 0:04:21]} d3 {[%emt 0:00:29]} 37. Re1 {[%emt 0:00:34]} Qd4 {[%emt 0:00:39]} 38. Re8+ {[%emt 0:01:26]} Kh7 {[%emt 0:00:10]} 39. h3 {[%emt 0:02:16]} Qd5 {[%emt 0:00:09]} 40. Qg4 {[%emt 0:03:14]} d2 {[%emt 0:00:50]} 0-1

[Event "2023 Welsh Open"]
[Site "Cardiff"]
[Date "2023.04.08"]
[Round "4.9"]
[White "Mba, Reginald"]
[Black "Williams, Stephen"]
[Result "1-0"]
[WhiteElo "1811"]
[BlackElo "1569"]
[PlyCount "119"]
[EventDate "2023.04.07"]
[SourceVersionDate "2023.04.19"]

1. e4 c5 2. Nf3 d6 3. Bb5+ Bd7 4. Bxd7+ Nxd7 5. O-O Ngf6 6. Re1 e5 7. c4 Nb6 8. d3 Be7 9. Nc3 O-O 10. g3 Nfd7 11. a4 a6 12. a5 Nc8 13. h4 Na7 14. Nd5 Nc6 15. Bd2 Rb8 16. Kg2 Nd4 17. Nxd4 exd4 18. b4 Ne5 19. Qe2 Qd7 20. f4 Nc6 21. b5 axb5 22. cxb5 Na7 23. Rab1 Bd8 24. b6 Nc6 25. f5 Ne5 26. Bf4 Nc6 27. Bd2 Re8 28. h5 Ne7 29. Nxe7+ Bxe7 30. Qf3 Bf6 31. g4 Qe7 32. Bf4 Be5 33. g5 f6 34. g6 h6 35. Bxe5 Qxe5 36. Qg3 Rec8 37. Rec1 Qe7 38. Qg4 Ra8 39. Ra1 Qd7 40. Qd1 Qb5 41. Rcb1 Qd7 42. Qb3+ Kf8 43. Qd5 Rc6 44. a6 bxa6 45. Rxa6 Rb8 46. Ra7 Rb7 47. Ra8+ Rc8 48. Rxc8+ Qxc8 49. Qxd6+ Ke8 50. Rb5 Qd7 51. Qxc5 Rb8 52. Qc4 Qe7 53. b7 Kf8 54. Qxd4 Qa3 55. Qb4+ Qxb4 56. Rxb4 Ke7 57. Kf3 Kd6 58. d4 Kc7 59. Kf4 Kd6 60. e5+ 1-0

[Event "2023 Welsh Open"]
[Site "Cardiff"]
[Date "2023.04.08"]
[Round "4.10"]
[White "Fowler, Caspian"]
[Black "Stuart, Neil"]
[Result "1/2-1/2"]
[WhiteElo "1546"]
[BlackElo "1746"]
[PlyCount "54"]
[EventDate "2023.04.07"]
[SourceVersionDate "2023.04.19"]

1. e4 c5 2. c3 Nf6 3. e5 Nd5 4. d4 cxd4 5. Nf3 Nc6 6. cxd4 e6 7. Bc4 Nb6 8. Bb3 d6 9. O-O dxe5 10. dxe5 Bd7 11. Nc3 Na5 12. Bc2 Qc7 13. Bf4 Rd8 14. Qe2 Qc4 15. Qxc4 Nbxc4 16. b3 Nb6 17. Ne4 Nd5 18. Bg5 Rc8 19. Rac1 Ba3 20. Nd6+ Bxd6 21. exd6 O-O 22. Be4 f6 23. Bd2 Nc6 24. Bxd5 exd5 25. Rfe1 Rfe8 26. Bc3 Kf7 27. h3 Re6 1/2-1/2

[Event "2023 Welsh Open"]
[Site "Cardiff"]
[Date "2023.04.08"]
[Round "4.11"]
[White "Greco, Joseph"]
[Black "Hollyman, Mike"]
[Result "0-1"]
[WhiteElo "1732"]
[BlackElo "1418"]
[PlyCount "90"]
[EventDate "2023.04.07"]
[SourceVersionDate "2023.04.19"]

1. d4 Nf6 2. e3 d5 3. Bd3 Bg4 4. f3 Bh5 5. Ne2 e6 6. O-O Nbd7 7. c4 c6 8. Nbc3 dxc4 9. Bxc4 Qc7 10. e4 Rd8 11. Qe1 e5 12. Be3 Bd6 13. d5 cxd5 14. Nb5 Qc6 15. exd5 Nxd5 16. Nxd6+ Qxd6 17. Bxa7 N7b6 18. Bxd5 Nxd5 19. Rd1 b6 20. Kh1 Qc7 21. Ng3 Bg6 22. Rc1 Qxa7 23. Qxe5+ Qe7 24. Qxg7 Qf6 25. Rfe1+ Kd7 26. Qh6 Rhe8 27. Red1 Qe6 28. h4 Rc8 29. Rxc8 Rxc8 30. Qg5 Kc6 31. Ne2 f6 32. Nd4+ Kd6 33. Nxe6 fxg5 34. Nxg5 h6 35. Ne4+ Ke5 36. Re1 Kf4 37. Re2 Re8 38. Nc3 Nxc3 39. Rxe8 Bxe8 40. bxc3 Kg3 41. Kg1 Kxh4 42. Kf2 Kg5 43. Kg3 Kf5 44. f4 Bc6 45. Kh4 Bxg2 0-1

[Event "2023 Welsh Open"]
[Site "Cardiff"]
[Date "2023.04.08"]
[Round "4.12"]
[White "Wilmot, Daniel"]
[Black "Orabhu, Vismith"]
[Result "1-0"]
[WhiteElo "1644"]
[BlackElo "1349"]
[PlyCount "109"]
[EventDate "2023.04.07"]
[SourceVersionDate "2023.04.19"]

1. e4 e5 2. Nf3 Nc6 3. Bc4 Nf6 4. d3 Bc5 5. Bg5 h6 6. Bh4 d6 7. c3 a5 8. Nbd2 O-O 9. O-O Be6 10. Bb5 Na7 11. Ba4 b5 12. Bc2 Nc6 13. Re1 b4 14. Ba4 bxc3 15. bxc3 Bd7 16. Nb3 Bb6 17. d4 Nxd4 18. Bxf6 gxf6 19. Bxd7 Nxf3+ 20. Qxf3 Qxd7 21. Qxf6 Qe6 22. Qh4 f5 23. Qh3 Qf6 24. exf5 Qxf5 25. Qxf5 Rxf5 26. Re2 Raf8 27. Rf1 d5 28. Nd2 e4 29. g3 Rxf2 30. Rexf2 Rxf2 31. Rxf2 e3 32. Rf1 e2+ 33. Kg2 exf1=Q+ 34. Kxf1 Kf7 35. g4 d4 36. cxd4 Bxd4 37. Nf3 Bf6 38. Ke2 Ke6 39. Kd3 Kd5 40. h4 c5 41. g5 hxg5 42. hxg5 c4+ 43. Ke3 Bxg5+ 44. Nxg5 Kc5 45. Ne4+ Kb4 46. Kd4 Ka3 47. Nc3 Kb4 48. Nb1 a4 49. Nc3 Ka3 50. Kxc4 Kb2 51. Kd3 a3 52. Ne2 Kxa2 53. Kc2 Ka1 54. Nc1 a2 55. Nb3# 1-0

[Event "2023 Welsh Open"]
[Site "Cardiff"]
[Date "2023.04.08"]
[Round "4.13"]
[White "Browse, Joseph"]
[Black "Morgans, Justin"]
[Result "0-1"]
[WhiteElo "1473"]
[BlackElo "1636"]
[PlyCount "159"]
[EventDate "2023.04.07"]
[SourceVersionDate "2023.04.20"]

1. d4 d5 2. Nf3 Nf6 3. c4 c6 4. Nc3 e6 5. g3 Be7 6. Bg2 O-O 7. O-O Nbd7 8. Qd3 b6 9. e4 Bb7 10. Re1 c5 11. Ne5 cxd4 12. Nxd7 Qxd7 13. Qxd4 Bc5 14. Qd3 d4 15. Ne2 e5 16. f4 Rfe8 17. fxe5 Rxe5 18. Nf4 Rae8 19. Nd5 Nxd5 20. cxd5 Bxd5 21. Bd2 Bc6 22. b4 Bf8 23. Rac1 a5 24. bxa5 bxa5 25. Bf4 Rc5 26. Rcd1 Rb5 27. Re2 Bc5 28. e5 Bxg2 29. Kxg2 Qb7+ 30. Qf3 Qxf3+ 31. Kxf3 Rd8 32. Red2 a4 33. Be3 Rb4 34. Bg1 h6 35. Rd3 Rb2 36. R1d2 a3 37. Ke4 Bb4 38. Rf2 Bc3 39. Kf3 Rd5 40. Rg2 Rxe5 41. Bxd4 Bxd4 42. Rxd4 Rxg2 43. Kxg2 Re2+ 44. Kh3 Rxa2 45. Ra4 h5 46. g4 hxg4+ 47. Kxg4 Rxh2 48. Rxa3 g6 49. Kg5 Kg7 50. Ra7 Rh5+ 51. Kg4 Re5 52. Kf4 Rc5 53. Kg4 Rc1 54. Kg3 g5 55. Kg2 Kg6 56. Ra6+ f6 57. Rb6 g4 58. Rb4 Kg5 59. Rb5+ f5 60. Rb3 Re1 61. Rc3 Re6 62. Rc5 Rf6 63. Kg3 Re6 64. Kg2 Re3 65. Ra5 Kf4 66. Ra2 Rc3 67. Rf2+ Rf3 68. Ra2 Re3 69. Rf2+ Kg5 70. Ra2 f4 71. Ra5+ Kf6 72. Ra4 Kf5 73. Ra8 g3 74. Rf8+ Ke4 75. Re8+ Kd3 76. Rd8+ Ke2 77. Kg1 f3 78. Kh1 g2+ 79. Kh2 f2 80. Rd4 0-1

[Event "2023 Welsh Open"]
[Site "Cardiff"]
[Date "2023.04.08"]
[Round "4"]
[White "Probert, Malcolm"]
[Black "Dixon, Chris"]
[Result "1/2-1/2"]
[WhiteElo "1564"]
[BlackElo "1700"]
[PlyCount "46"]
[EventDate "2023.04.07"]
[SourceVersionDate "2023.04.20"]

1. Nf3 Nf6 2. g3 g6 3. Bg2 Bg7 4. O-O O-O 5. c4 d6 6. d4 Nbd7 7. d5 a5 8. Nc3 Nc5 9. Nd4 e5 10. dxe6 fxe6 11. Rb1 c6 12. e4 e5 13. Nc2 Be6 14. b3 Qd7 15. Re1 Bh3 16. Bh1 Rad8 17. Ne3 Qf7 18. Rb2 Ne6 19. Rd2 Nd4 20. f3 Nh5 21. Rf2 g5 22. Bg2 Bxg2 23. Kxg2 Qg6 1/2-1/2

[Event "2023 Welsh Open"]
[Site "Cardiff"]
[Date "2023.04.08"]
[Round "4.15"]
[White "Emblem, Mark"]
[Black "Buttell, David"]
[Result "1/2-1/2"]
[WhiteElo "1404"]
[BlackElo "1691"]
[PlyCount "116"]
[EventDate "2023.04.07"]
[SourceVersionDate "2023.04.21"]

1. e4 c5 2. Nf3 d6 3. c4 Nc6 4. d4 cxd4 5. Nxd4 Nf6 6. Nc3 Bd7 7. Be2 g6 8. Be3 Bg7 9. h3 O-O 10. Qd2 a6 11. O-O Rc8 12. Nf3 Be6 13. Rfd1 Nd7 14. Rac1 Nce5 15. b3 Nxf3+ 16. Bxf3 Ne5 17. Qe2 Nxf3+ 18. Qxf3 f5 19. e5 Bxe5 20. Bd4 Bxd4 21. Rxd4 Qb6 22. Rcd1 Qc6 23. Qe2 Rf6 24. Nd5 Bxd5 25. Rxd5 e5 26. Qd2 b5 27. Rxd6 Rxd6 28. Qxd6 Qxd6 29. Rxd6 bxc4 30. bxc4 Rxc4 31. Rxa6 Kg7 32. a4 e4 33. a5 Ra4 34. Ra8 Kh6 35. a6 Kg5 36. g3 h5 37. h4+ Kg4 38. Kg2 f4 39. Re8 fxg3 40. fxg3 g5 41. Rg8 Ra2+ 42. Kg1 Kxg3 43. Rxg5+ Kxh4 44. Re5 Kg3 45. Rg5+ Kf4 46. Rxh5 Rxa6 47. Rh8 Ke3 48. Kf1 Ra1+ 49. Kg2 Ke2 50. Re8 e3 51. Re7 Ra3 52. Rb7 Rd3 53. Rb1 Rd1 54. Rb2+ Rd2 55. Rb1 Rc2 56. Ra1 Kd2 57. Kf1 e2+ 58. Kf2 Rb2 1/2-1/2

[Event "2023 Welsh Open"]
[Site "Cardiff"]
[Date "2023.04.08"]
[Round "4.18"]
[White "Quinn, Peter"]
[Black "Jakubiak, Krzysztof"]
[Result "1-0"]
[WhiteElo "1684"]
[BlackElo "1585"]
[PlyCount "63"]
[EventDate "2023.04.07"]
[SourceVersionDate "2023.04.21"]

1. e4 e5 2. Nf3 Nc6 3. Bb5 Nf6 4. O-O Nxe4 5. Re1 Nd6 6. Ba4 Be7 7. Nxe5 O-O 8. d4 Bf6 9. Bf4 b5 10. Bb3 Na5 11. Bd5 c6 12. Bf3 Nac4 13. b3 Nb6 14. Nd2 Nf5 15. Ne4 Nd5 16. Qd2 Nxf4 17. Qxf4 Nxd4 18. Nxf6+ Qxf6 19. Qxd4 Rd8 20. Rad1 d5 21. Nxc6 Qxd4 22. Rxd4 Rf8 23. Bxd5 Kh8 24. Ne5 Rb8 25. Nxf7+ Kg8 26. Nd6+ Kh8 27. Rf4 Bd7 28. Rxf8+ Rxf8 29. Nf7+ Kg8 30. Ne5+ Kh8 31. Nxd7 Rd8 32. Bf7 1-0

[Event "2023 Welsh Open"]
[Site "Cardiff"]
[Date "2023.04.08"]
[Round "4.18"]
[White "Hurn, Robert"]
[Black "White, Sam"]
[Result "1/2-1/2"]
[WhiteElo "1587"]
[BlackElo "1444"]
[PlyCount "60"]
[EventDate "2023.04.07"]
[SourceVersionDate "2023.04.21"]

1. d4 Nf6 2. c4 c5 3. d5 d6 4. Nc3 Bf5 5. f3 Bd7 6. e4 e5 7. Bd3 Be7 8. Nge2 O-O 9. Be3 Na6 10. Qd2 Nb4 11. Bb1 a5 12. a3 Na6 13. Bd3 Nc7 14. g4 Qe8 15. a4 Na6 16. Nb5 Qd8 17. Ng3 Nb4 18. Be2 Bxb5 19. axb5 Re8 20. Nf5 Bf8 21. Bg5 g6 22. Ng3 Be7 23. h4 Nd7 24. Bxe7 Qxe7 25. h5 Rf8 26. hxg6 fxg6 27. Bd1 Rf7 28. Ra3 Nb6 29. b3 a4 30. Be2 Qf6 1/2-1/2

[Event "2023 Welsh Open"]
[Site "Cardiff"]
[Date "2023.04.08"]
[Round "4.19"]
[White "Jansen Van Rensburg, Leon"]
[Black "Thomas, Mark"]
[Result "0-1"]
[WhiteElo "1512"]
[BlackElo "1789"]
[PlyCount "76"]
[EventDate "2023.04.07"]
[SourceVersionDate "2023.04.21"]

1. e4 g6 2. d4 Bg7 3. Nc3 d6 4. Be2 Nc6 5. Be3 Nf6 6. h4 h6 7. Qd2 a6 8. f3 e5 9. d5 Nd4 10. Bxd4 exd4 11. Qxd4 O-O 12. Qd2 Qe7 13. g4 Nd7 14. O-O-O b5 15. f4 Nc5 16. Bf3 b4 17. Nb1 Rb8 18. Re1 Na4 19. c3 bxc3 20. bxc3 Bd7 21. g5 Rxb1+ 22. Kxb1 Rb8+ 23. Kc1 Bxc3 24. Qe3 Bxe1 25. Qxe1 Nc5 26. Qe3 c6 27. Qd4 h5 28. e5 dxe5 29. fxe5 cxd5 30. Bxd5 Bf5 31. Ne2 Nd3+ 32. Kd2 Rb2+ 33. Ke3 Nxe5 34. Be4 Ng4+ 35. Kf3 Rb4 36. Qxb4 Qxb4 37. Bxf5 gxf5 38. Rc1 Qe4+ 0-1

[Event "2023 Welsh Open"]
[Site "Cardiff"]
[Date "2023.04.08"]
[Round "4.23"]
[White "Woodcock, Louise"]
[Black "Binesmael, Mohamed"]
[Result "0-1"]
[WhiteElo "1280"]
[BlackElo "1553"]
[PlyCount "46"]
[EventDate "2023.04.07"]
[SourceVersionDate "2023.04.22"]

1. f4 d5 2. d4 Bf5 3. e3 e6 4. Nf3 Nf6 5. c4 Be7 6. Nc3 c6 7. Bd3 dxc4 8. Bxc4 O-O 9. O-O Nbd7 10. Ne5 Nxe5 11. fxe5 Ne4 12. Bd3 Nxc3 13. bxc3 Bxd3 14. Qxd3 f6 15. exf6 Bxf6 16. Rb1 Qc7 17. Qc4 Rae8 18. e4 b5 19. Qb3 Kh8 20. e5 Bxe5 21. Rxf8+ Rxf8 22. dxe5 Qb6+ 23. Kh1 Rf1# 0-1